| 000 | 00526nam a2200193 a 4500 | ||
|---|---|---|---|
| 001 | 1771666227318 | ||
| 003 | YourLibrary | ||
| 005 | 20260221150218.0 | ||
| 008 | 260221s2007##################000#0#eng## | ||
| 020 | _a9780470516713 | ||
| 082 | 0 | 4 |
_a338.642 _bKET |
| 100 | 1 |
_aVries, Manfred F. R. Kets de, _eauthor. |
|
| 245 | 1 | 0 | _aFamily Business on the Couch : |
| 260 |
_bJohn Wiley & Sons, _c2007. |
||
| 300 | _a341 pages | ||
| 650 | 0 | _aBusiness & Economics. | |
| 942 | _cENGLISH | ||
| 040 |
_aYourLibrary _beng _cYourLibrary |
||
| 999 |
_c615275 _d615275 |
||